Städte an der Mosel - Statistiken

Allgemein
  • Dieses Quiz wurde 75 mal gespielt
    47 seit der letzten Aktualisierung
  • Das Durchschnittsergebnis liegt bei 3 aus 5
Antwortstatistiken
Bildquiz Hint Antwort % Korrekt
RLP, DE Trier
97%
RLP, DE Koblenz
95%
Moselle, FR Metz
71%
Vosges, FR Épinal
39%
Moselle, FR Thionville / Diedenhofen
39%
Keine übereinstimmenden Quizze gefunden
Verteilung der Resultate
Anzahl Personen mit jedem Resultat
Perzentil nach korrekt beantworteten Fragen
Ihre Resultats-Entwicklung
Sie haben dieses Quiz seit der letzten Aktualisierung nicht gespielt